Mixed Word: Growing K Words Quiz Stats

 Plays Quiz Updated Mar 12, 2012

Support Sporcle.
Go Orange.
Score 0/13 Timer 03:00
0 Plays Today
Scramble Word % Correct
YEKKEY
99.9%
WIKIKIWI
99.7%
YAKKAKAYAK
97.7%
THICKENKITCHEN
76.8%
RONGAKOAKANGAROO
76.4%
THINGKKNIGHT
72.8%
CKIGXINKBOKICKBOXING
64.3%
OSEIDKAEPLCOKALEIDOSCOPE
45.7%
GARTINKEREDNERKINDERGARTENER
45.4%
EEHCKLKNUADKNUCKLEHEAD
34.1%
GEANOWKBLEEDLKNOWLEDGEABLE
33%
KEDNESSRDINHEATKINDHEARTEDNESS
16%
LOREMKIETKILOMETRE
14.3%

From the Vault

-oot Definitions

by NO_r_WAY

We have a feeling that a certain MCU character has a leg up in this quiz.
Remove Ads.
Support Sporcle.
Get the best of Sporcle when you Go Orange. This ad-free experience offers more features, more stats, and more fun while also helping to support Sporcle. Thank you for becoming a member.

Show Comments

Extras

Top Quizzes Today


Score Distribution

Your Account Isn't Verified!

In order to create a playlist on Sporcle, you need to verify the email address you used during registration. Go to your Sporcle Settings to finish the process.

Report this User

Report this user for behavior that violates our Community Guidelines.

Details: